|
|
|
|
| LEADER |
02555cam a2200637 a 4500 |
| 001 |
nkc20112264705 |
| 003 |
CZ PrNK |
| 005 |
20120510154130.0 |
| 007 |
ta |
| 008 |
091119s2011 xr abe f 000 0 cze |
| 015 |
|
|
|a cnb002264705
|
| 020 |
|
|
|a 978-80-86413-83-9
|q (brož.)
|
| 035 |
|
|
|a (OCoLC)796016357
|
| 040 |
|
|
|a ABE311
|b cze
|d PAG001
|d BOA001
|
| 041 |
0 |
|
|a cze
|b eng
|
| 043 |
|
|
|a e-xr---
|b e-xr-mr
|b e-xr-jm
|2 czenas
|
| 045 |
|
|
|a --o-
|
| 072 |
|
7 |
|a 669
|x Metalurgie
|2 Konspekt
|9 19
|
| 080 |
|
|
|a 669:902
|2 MRF
|
| 080 |
|
|
|a 669(091)
|2 MRF
|
| 080 |
|
|
|a 669.1
|2 MRF
|
| 080 |
|
|
|a (437.32-191.2)
|2 MRF
|
| 080 |
|
|
|a (437.322)
|2 MRF
|
| 080 |
|
|
|a (048.8)
|2 MRF
|
| 100 |
1 |
|
|a Souchopová, Věra,
|d 1941-
|7 mzk2003187308
|4 aut
|
| 245 |
1 |
0 |
|a Tajemství dávného železa II :
|b k počátkům přímé výroby železa z rud = Secret of early iron II : to the beginning of the direct method of iron production /
|c Věra Souchopová, Karel Stránský
|
| 246 |
3 |
0 |
|a K počátkům přímé výroby železa z rud
|
| 246 |
3 |
0 |
|a To the beginning of the direct method of iron production
|
| 246 |
3 |
1 |
|a Secret of early iron II
|
| 260 |
|
|
|a Brno :
|b Technické muzeum v Brně,
|c c2011
|
| 300 |
|
|
|a 113 s. :
|b il. (některé barev.), mapy, plány ;
|c 22 cm
|
| 490 |
1 |
|
|a Studie z historie techniky a průmyslu ;
|v sv. 4
|
| 500 |
|
|
|a 200 výt.
|
| 504 |
|
|
|a Obsahuje bibliografii
|
| 546 |
|
|
|a Anglické resumé
|
| 648 |
|
4 |
|a do 11. století
|
| 650 |
0 |
7 |
|a archeometalurgie
|7 ph570408
|z Česko
|2 czenas
|
| 650 |
0 |
7 |
|a dějiny metalurgie
|7 ph516947
|z Česko
|2 czenas
|
| 650 |
0 |
7 |
|a metalurgie železa
|7 ph198775
|z Česko
|y do 11. století
|2 czenas
|
| 650 |
0 |
9 |
|a archaeometallurgy
|z Czechia
|2 eczenas
|
| 650 |
0 |
9 |
|a history of metallurgy
|z Czechia
|2 eczenas
|
| 650 |
0 |
9 |
|a iron metallurgy
|z Czechia
|y to 11th century
|2 eczenas
|
| 651 |
|
7 |
|a Moravský kras (Česko)
|7 ge130097
|2 czenas
|
| 651 |
|
7 |
|a Blansko (Česko : oblast)
|7 ge128768
|2 czenas
|
| 651 |
|
9 |
|a Moravský kras (Czechia)
|2 eczenas
|
| 651 |
|
9 |
|a Blansko Region (Czechia)
|2 eczenas
|
| 655 |
|
7 |
|a monografie
|7 fd132842
|2 czenas
|
| 655 |
|
9 |
|a monographs
|2 eczenas
|
| 700 |
1 |
|
|a Stránský, Karel,
|d 1931-2018
|7 jk01121363
|4 aut
|
| 830 |
|
0 |
|a Studie z historie techniky a průmyslu
|0 s
|
| 910 |
2 |
|
|a BOA001
|b 2-1281.576
|
| 990 |
|
|
|a BK
|
| 995 |
|
|
|a 01
|
| 991 |
|
|
|b 201204
|c NOV
|j 669 SOU
|e n
|
| 996 |
6 |
|
|b 2610507971
|c 2-1281.576
|l MZK
|r Sklad / do 1 hodiny
|n 4
|p p.v.
|w 001238408
|u 000010
|a 1
|e BOA001
|j MZK50
|s P
|
| 996 |
6 |
|
|b 2610507972
|c 2-1281.576
|l MZK
|r STM 6p
|n 0
|p p.v.
|h 669 SOU
|w 001238408
|u 000020
|a 0
|e BOA001
|j MZK50
|s P
|